000 00534nam a2200205Ia 4500
003 GCL
008 140319s9999 xx 000 0 eng d
040 _aGCL /
_cGCL
082 0 4 _a895.63
_bA B
100 1 _aCARPENTER, JULIET WINTERS
245 1 0 _aBEYOND THE CURVE /
_cCARPENTER, JULIET WINTERS
700 1 _aABE, KOBO
260 _a[S.N] :
_bKODANSHA INTERNATIONAL ،
_c1991
300 _a247 P
650 0 4 _aLITERATURE
650 0 4 _aFICTION
650 0 4 _aJAPAN - LITERATURE
650 0 4 _aJAPAN - FICTION
942 _2ddc
_cBK
999 _c11239
_d11239